01519nam a2200373 a 4500001001000000003000500010005001700015008004100032010001100073011001100084040000900095090001000104100003600114245014800150260004100298500006000339502007500399590004100474590004000515590004000555650002000595650003400615650003800649650003100687650003200718700004000750856007000790901000700860942001000867942000600877999001900883952011900902952012401021000109652CHAP20220329144058.0140516s2014 mx sm |||||||spa d a106114 a107086 cCHAP aTesis1 aGómez Mena, Heriberto912690210aUso de lasalocida o enzimas exógenas en la engorda de ovinos criollosh[En línea]cpor Heriberto Gómez Mena y Lucila González Machorro. aChapingo, Méx. :bEl autor,c2014. aPara ver el contenido del material haga clic en la liga aTesis (Ing. Agr. Esp. en Zootecnia) -- UACH. Departamento de Zootecnia aBATCH-UPDb05c20141002lUCH01h0903 aE6096MTMb05c20140516lUCH01h1132 aE6096MTMb05c20140516lUCH01h113314aEnzimas.93719514aGanado lanarxEngorda.94517514aGanado lanarxNutrición.94520514aGanado lanarxPeso.94521114aGanado lanarxRazas.9452181 aGonzález Machorro, Lucila9126903 aFinding aiduhttp://10.13.5.2/tesis/sist109652.pdfzTeclea aquí aBK cTESIS n0 c106114d106114 00102local40718TESISaBCbBCd2014-05-16fTESISl0oTesisp33724002406504r2019-12-31 00:00:00w2014-05-16yCD 00102local40718TESISaBCbBCd2014-05-16fTESISl0oTesisp33724002406545r2019-12-31 00:00:00tc.2w2014-05-16yCD